Sports Quiz

Random Sports or NCAA Quiz
Score 0/138 Timer 16:00
0 Plays Today
# of Players College % Correct
57Alabama
99.4%
50Ohio State
93.1%
44LSU
91.7%
32Clemson
91.7%
46Florida
91.5%
35Michigan
91.5%
28Georgia
91.1%
25Texas
90.4%
29Oklahoma
89.4%
18Michigan State
88.6%
36Florida State
88.4%
32Southern California
87.4%
22Oregon
86.6%
43Miami (FL)
86.4%
27UCLA
84.1%
27Washington
83.9%
27Wisconsin
83.1%
28Penn State
82.9%
18North Carolina
81.9%
23California
81.1%
27Texas A&M
81.1%
15Texas Tech
80.3%
27Iowa
79.7%
32Auburn
78.7%
12Washington State
78.7%
24Mississippi
78.3%
23South Carolina
78%
7Arizona
78%
15Oklahoma State
77%
5Kansas
77%
20Utah
76.6%
32Notre Dame
76%
14Virginia
76%
30Tennessee
75.6%
11Arizona State
75.6%
12Kentucky
75%
22Mississippi State
74.4%
11Oregon State
74%
11Kansas State
73.8%
16Illinois
73.6%
26Stanford
73.2%
8Minnesota
73%
14Colorado
72.8%
4Iowa State
72.4%
16Virginia Tech
72%
16West Virginia
72%
# of Players College % Correct
23Nebraska
71.7%
10Duke
71.3%
10Indiana
70.5%
20Pittsburgh
69.3%
8Georgia Tech
69.1%
17Central Florida
68.5%
14Arkansas
68.1%
21North Carolina State
68.1%
15Boise State
68.1%
14Missouri
67.7%
15Maryland
67.5%
11Baylor
67.3%
18Texas Christian
67.3%
4North Dakota State
66.5%
13Rutgers
66.3%
18Louisville
66.1%
16Boston College
65.9%
11Wyoming
65.4%
8Colorado State
65%
10Purdue
64.8%
12Utah State
64.8%
3Nevada
62.4%
11BYU
61.6%
4Syracuse
60.2%
11Houston
60%
9Harvard
58.1%
10Connecticut
57.5%
4Buffalo
57.1%
11Vanderbilt
56.9%
11Central Michigan
56.9%
9South Florida
55.9%
12Northwestern
55.9%
13Memphis
55.9%
5Hawaii
55.5%
7San Diego State
55.1%
8Wake Forest
54.5%
6Western Michigan
54.5%
4Georgia State
54.5%
5Idaho
54.1%
8Fresno State
53.5%
3Louisiana
52%
12Cincinnati
51.6%
3Massachusetts
51.6%
3Air Force
50.6%
3San Diego
50.6%
12Southern Methodist
49.4%
# of Players College % Correct
16Temple
49.4%
7Tulane
49.2%
3Eastern Michigan
49.2%
10Louisiana Tech
45.1%
9Toledo
45.1%
4UTEP
44.9%
5Arkansas State
44.5%
3Florida International
44.1%
7Florida Atlantic
43.5%
5Delaware
43.1%
6Marshall
42.9%
4Akron
42.7%
7Rice
42.3%
4Kent State
40.9%
6San Jose State
40.7%
6Northern Illinois
39.6%
13Southern Mississippi
39.2%
4Georgia Southern
38%
4North Texas
37.2%
7Western Kentucky
36.8%
3UTSA
36.8%
4UAB
36.4%
3Villanova
35.4%
4Ball State
34.8%
4East Carolina
34.6%
5Appalachian State
33.9%
3Troy
33.1%
5South Carolina State
29.1%
4Old Dominion
27.4%
6Eastern Washington
25.4%
5Northern Iowa
24.8%
6Illinois State
23.6%
4Jacksonville State
23%
7James Madison
22.4%
4Southern Illinois
19.1%
3Richmond
18.3%
3Grambling State
13.6%
3Sam Houston State
13.6%
4North Carolina A&T
12.6%
3William & Mary
12.2%
5West Alabama
11.8%
4Samford
10.4%
3Central Arkansas
10.4%
3Grand Valley State
4.7%
4Ferris State
2.6%
4California (PA)
1%
Remove Ads.
Support Sporcle.
Get the best of Sporcle when you Go Orange. This ad-free experience offers more features, more stats, and more fun while also helping to support Sporcle. Thank you for becoming a member.

You're not logged in!

Compare scores with friends on all Sporcle quizzes.
OR
Log In

Show Comments

Extras

Top Quizzes Today


Score Distribution

Your Account Isn't Verified!

In order to create a playlist on Sporcle, you need to verify the email address you used during registration. Go to your Sporcle Settings to finish the process.

Report this User

Report this user for behavior that violates our Community Guidelines.

Details: